LEADER 03277oam 2200601 c 450 001 9910563022203321 005 20250513224745.0 024 7 $a10.3726/b14008 035 $a(CKB)5450000000174145 035 $a(oapen)https://directory.doabooks.org/handle/20.500.12854/34712 035 $a(PH02)9783631754924 035 $a(oapen)doab34712 035 $a(EXLCZ)995450000000174145 100 $a20240525h20182000 uy 0 101 0 $ager 135 $aurnnunnnannuu 181 $ctxt$2rdacontent 182 $cc$2rdamedia 183 $acr$2rdacarrier 200 00$aBewertung strategischer Flexibilität beim Unternehmenserwerb$eDer Wertbeitrag von Realoptionen$fRoland Gabriel, Claude Tomaszewski 205 $a1st, New ed. 210 $aFrankfurt a.M$cPH02$d2018 210 $d2018, c2000 215 $a1 online resource (304 p.)$c, EPDF 225 0 $aBochumer Beitra?ge zur Unternehmensfu?hrung$v57 300 $aPeter Lang GmbH, Internationaler Verlag der Wissenschaften 311 08$a3-631-75492-2 327 $aAus dem Inhalt: Analyse strategischer Faktoren bei Akquisitionen - Realoptionsorientierte Bewertung unternehmerischer Flexibilita?t - Unterschiede zwischen Finanz- und Realoptionen, insb. Konkurrenzverhalten - Implizit unterstellte Kapitalmarktannahmen in Realoptionskalku?len - Realoptionskonzept als Element der wertorientierten Unternehmensfu?hrung - Durchga?ngiges Zahlenbeispiel. 330 $aBei Unternehmensakquisitionen werden ha?ufig zusa?tzliche Investitionsoptionen geschaffen, u?ber die erst in Zukunft entschieden wird. Die hierdurch entstehende unternehmerische Flexibilita?t besitzt einen o?konomischen Wert, der mit traditionellen Ertragswert- bzw. DCF-Verfahren nur schwer vollsta?ndig zu erfassen ist. Vor diesem Hintergrund werden zu deren Erga?nzung Optionsbewertungskalku?le vorgeschlagen. Der Autor ero?rtert sowohl theoretische Anwendungsvoraussetzungen als auch Gestaltungsalternativen einer praktischen Implementierung. Die im Zusammenhang mit solchen Investitionsoptionen diskutierten Aspekte werden anhand eines durchga?ngigen Zahlenbeispiels pra?sentiert. Die vorgestellte Bewertungsmethodik ist zudem nicht nur bei strategischen Akquisitionen einsetzbar, sondern kann auch beim Aufbau neuer Gescha?ftsfelder eine geeignete Beurteilungsgrundlage darstellen. 517 $aBewertung strategischer Flexibilitaet beim Unternehmenserwerb 606 $aAccounting: study & revision guides$2bicssc 606 $aBusiness studies: general$2bicssc 606 $aBudgeting & financial management$2bicssc 610 $abeim 610 $aBewertung 610 $aFlexibilität 610 $aRealoptionen 610 $astrategischer 610 $aTomaszewski 610 $aUnternehmenserwerb 610 $aWertbeitrag 615 7$aAccounting: study & revision guides 615 7$aBusiness studies: general 615 7$aBudgeting & financial management 700 $aTomaszewski$b Claude$4auth$01294217 702 $aGabriel$b Roland$4edt 702 $aTomaszewski$b Claude$4aut 801 0$bPH02 801 1$bPH02 906 $aBOOK 912 $a9910563022203321 996 $aBewertung strategischer Flexibilita?t beim Unternehmenserwerb$94175183 997 $aUNINA LEADER 05111nam 22007455 450 001 9910592988203321 005 20251009102713.0 010 $a9783031113093$b(electronic bk.) 010 $z9783031113086 024 7 $a10.1007/978-3-031-11309-3 035 $a(MiAaPQ)EBC7083167 035 $a(Au-PeEL)EBL7083167 035 $a(CKB)24814905600041 035 $a(DE-He213)978-3-031-11309-3 035 $a(PPN)264956907 035 $a(EXLCZ)9924814905600041 100 $a20220908d2022 u| 0 101 0 $aeng 135 $aurcnu|||||||| 181 $ctxt$2rdacontent 182 $cc$2rdamedia 183 $acr$2rdacarrier 200 10$aKurt Gödel $eThe Genius of Metamathematics /$fby William D. Brewer 205 $a1st ed. 2022. 210 1$aCham :$cSpringer International Publishing :$cImprint: Springer,$d2022. 215 $a1 online resource (500 pages) 225 1 $aSpringer Biographies,$x2365-0621 311 08$aPrint version: Brewer, William D. Kurt Gödel Cham : Springer International Publishing AG,c2022 9783031113086 320 $aIncludes bibliographical references and index. 327 $aPreface -- Prologue -- La Belle Époque in Brünn. Beginnings -- School Days. A New Nation -- Moving to the Capital. Student Life in 1920?s Vienna -- The Wiener Kreis and the Mathematical Colloquium. Graduate work -- Private Life in Vienna -- Gödel?s Doctoral Thesis. The Incompleteness Theorems -- The Mathematician in Vienna. Habilitation -- Matters of Health -- A Sojourn Abroad: 1933/34 ? Princeton -- Back to Vienna. The First Breakdown -- ?Commuting? between Vienna and Princeton ? The Late 1930?s. Marriage -- The Continuum Hypothesis -- Professional Uncertainty. A Long Journey Eastwards -- Princeton and the IAS ? Philosophy, Einstein and von Neumann. A Bizarre Birthday Present: Gödel?s Universe -- Reception, Recognition, Honors. Einstein?s Loss. The Professor at Princeton -- The 1960?s: Fame and Seclusion -- Later Years. Philosophy, Cosmology, Logic, Computability -- Gödel?s Legacy ? The Lessons of an Unusual Life -- Epilogue. . 330 $aDuring his lifetime, Kurt Gödel was not well known outside the professional world of mathematicians, philosophers and theoretical physicists. Early in his career, for his doctoral thesis and then for his Habilitation (Dr.Sci.), he wrote earthshaking articles on the completeness and provability of mathematical-logical systems, upsetting the hypotheses of the most famous mathematicians/philosophers of the time. He later delved into theoretical physics, finding a unique solution to Einstein?s equations for gravity, the ?Gödel Universe?, and made contributions to philosophy, the guiding theme of his life. This book includes more details about the context of Gödel?s life than are found in earlier biographies, while avoiding an elaborate treatment of his mathematical/scientific/philosophical works, which have been described in great detail in other books. In this way, it makes him and his times more accessible to general readers, and will allow them to appreciate the lasting effects of Gödel?s contributions (the latter in a more up-to-date context than in previous biographies, many of which were written 15?25 years ago). His work spans or is relevant to a wide spectrum of intellectual endeavor, and this is emphasized in the book, with recent examples. This biography also examines possible sources of his unusual personality, which combined mathematical genius with an almost childlike naiveté concerning everyday life, and striking scientific innovations with timidity and hesitancy in practical matters. How he nevertheless had a long and successful career, inspiring many younger scholars along the way, with the help of his loyal wife Adele and some of his friends, is a fascinating story in human nature. 410 0$aSpringer Biographies,$x2365-0621 606 $aMathematics 606 $aHistory 606 $aLogic, Symbolic and mathematical 606 $aPhysicists$vBiography 606 $aAstronomers$vBiography 606 $aScience$xHistory 606 $aPhilosophy$xHistory 606 $aHistory of Mathematical Sciences 606 $aMathematical Logic and Foundations 606 $aBiographies of Physicists and Astronomers 606 $aHistory of Science 606 $aHistory of Philosophy 615 0$aMathematics. 615 0$aHistory. 615 0$aLogic, Symbolic and mathematical. 615 0$aPhysicists 615 0$aAstronomers 615 0$aScience$xHistory. 615 0$aPhilosophy$xHistory. 615 14$aHistory of Mathematical Sciences. 615 24$aMathematical Logic and Foundations. 615 24$aBiographies of Physicists and Astronomers. 615 24$aHistory of Science. 615 24$aHistory of Philosophy. 676 $a511.30924 676 $a510.92 700 $aBrewer$b William D$g(William Dean),$0843166 801 0$bMiAaPQ 801 1$bMiAaPQ 801 2$bMiAaPQ 912 $a9910592988203321 996 $aKurt Gödel$92914287 997 $aUNINA